Clase media en América Latina : interpretaciones y comentarios.

Pese a la valorización de la existencia de sociedades estratificadas en clases, una de las mayores dificultades que enfrenta el estudio de éstas es la determinación de criterios para establecer sus limites.

Bibliographic Details
Main Author: Estrada, Baldomero
Format: Analitica de revista
Language:Spanish
Published: Santiago, Chile Universidad de Chile 1985
Subjects:

MARC

LEADER 00000cab a2200000 a 4500
001 029454
003 UAHC_CL
005 20170803123104.0
008 031119b xx j 000 1 spa
040 |a UAHC_CL  |c UAHC_CL  |d UAHC_CL 
100 1 |a Estrada, Baldomero 
245 1 0 |a Clase media en América Latina :  |b interpretaciones y comentarios. 
260 |b Universidad de Chile  |c 1985  |a Santiago, Chile 
300 |a pp. 37-63 
500 |a En: Cuadernos de Historia. -- n¼. 5 (Julio de 1985), pp. 37-63 
500 |a En: Cuadernos de Historia. -- nº. 5 (Julio de 1985), pp. 37-63 
520 |a Pese a la valorización de la existencia de sociedades estratificadas en clases, una de las mayores dificultades que enfrenta el estudio de éstas es la determinación de criterios para establecer sus limites. 
520 |a Pese a la valorización de la existencia de sociedades estratificadas en clases, una de las mayores dificultades que enfrenta el estudio de éstas es la determinación de criterios para establecer sus limites. 
650 4 |a CLASE MEDIA  |z AMERICA LATINA 
759 |a PP048 
773 0 |t Cuadernos de historia.  |w 029418 
900 |a CUAD. HIST.-05/85 
942 |c REVA 
952 |0 0  |1 0  |4 0  |6 CUAD___HIST_05_85_000000000000000  |7 0  |8 General  |9 58042  |a BC  |b BC  |c General  |d 2017-08-03  |l 0  |o CUAD. HIST.-05/85  |p FICTICIO1873  |r 2019-01-08 00:00:00  |t 1  |w 2017-08-03  |y REVA 
999 |c 29454  |d 29454